Projekty Six Sigma v oblasti zlepšovania bezpečnosti

Návrh algoritmu pre projekty zlepšovania bezpečnosti. Tento algoritmus je založený na metodológii Six Sigma a jej postupe DMAIC. Konkrétne kroky sú zobrazené v projekte zlepšovania bezpečnosti realizovanom v spoločnosti ABC.

Gespeichert in:
Bibliographische Detailangaben
1. Verfasser: Tkáč, Michal, 1958-
Weitere Verfasser: Andrejkovič, Marek
Format: Buchkapitel
Sprache:Slowakisch
Schlagworte:
Tags: Tag hinzufügen
Keine Tags, Fügen Sie das erste Tag hinzu!

MARC

LEADER 00000naa$a2200000$$$4500
001 0070282
005 20240502071838.2
041 0 |a slo 
044 |a SK 
245 1 0 |a Projekty Six Sigma v oblasti zlepšovania bezpečnosti  |c Michal Tkáč, Marek Andrejkovič 
520 |a Návrh algoritmu pre projekty zlepšovania bezpečnosti. Tento algoritmus je založený na metodológii Six Sigma a jej postupe DMAIC. Konkrétne kroky sú zobrazené v projekte zlepšovania bezpečnosti realizovanom v spoločnosti ABC. 
610 2 0 |a projekty 
610 2 0 |a systémy výrobné integrované 
610 2 0 |a procesy podnikové 
610 2 0 |a algoritmy 
610 2 0 |a úspory finančné 
610 2 0 |a úspory energie 
610 2 0 |a znižovanie nákladov 
610 2 0 |a bezpečnosť práce 
100 1 |a Tkáč, Michal, 1958- 
700 1 |a Andrejkovič, Marek